Allgemeinwissen-Quiz #59 - Statistiken

Allgemein
  • Dieses Quiz wurde 72 mal gespielt
  • Das Durchschnittsergebnis liegt bei 11 aus 20
Antwortstatistiken
Frage Antwort % Korrekt
Welches Logo wird nicht mit einer Zahlungsmöglichkeit oder einem Unternehmen für Kredit- oder Debitkarten in Verbindung gebracht
91%
Bei welchem bekannten Radrennen gehört der Col du Tourmalet regelmässig zur Strecke? Tour de France
86%
Ich befinde mich auf der Insel Zypern und fahre mit der Fähre nach Norden. Welches Festland erreiche ich als Nächstes? Türkei
77%
Welches Bild zeigt "Beetlejuice"?
71%
Von welchem Bösewicht wird Prinzessin Peach üblicherweise entführt und anschliessend von Super Mario gerettet? Bowser
66%
Wofür ist der amerikanische B-2-Bomber besonders bekannt? Tarnkappentechnologie
63%
Was ist der korrekte wissenschaftliche Name des Dromedars? Camelus dromedarius
55%
Was ist der höchste Berg in den USA? Denali
54%
Was bedeutet der Begriff "Phänotyp"? Erscheinungsbild eines Lebewesens
54%
Welches dieser Bilder zeigt den Baum, dem angeblich Mormonen bei der Durchquerung der Mojave-Wüste den Namen "Joshua Tree" gaben, da er sie an die Gestalt des Propheten Joshua erinnerte?
52%
Welches Bild zeigt Eva Perón?
51%
Die Schweizerin Alisha Lehmann spielt Stand Juni 2025 für welchen Fussballverein? Juventus Turin
49%
Wer malte "Die Geburt der Venus"? Sandro Botticelli
45%
Welches ist der grösste Gletscher der Schweiz? Aletschgletscher
42%
Die erste scharfe Weltraumaufnahme von der Erde lieferte ein Wettersatellit. In welchem Jahr war das? 1960
37%
Welche Ordnungszahl hat das Element Calcium im Periodensystem? 20
37%
Wie hoch liegt das Jungfraujoch in den Berner Alpen? 3'454 Meter
35%
Für welchen Konservierungsstoff steht die E-Nummer 270? Milchsäure
35%
Von welcher Band stammt der Song "Music Sounds Better with You"? Stardust
28%
Eine Pferdestärke ist die Kraft, die benötigt wird, um ein bestimmtes Gewicht in einer Sekunde um einen Meter zu bewegen. Wie hoch ist dieses Gewicht? 75 kg
25%
Keine übereinstimmenden Quizze gefunden
Verteilung der Resultate
Anzahl Personen mit jedem Resultat
Perzentil nach korrekt beantworteten Fragen
Ihre Resultats-Entwicklung
Sie haben dieses Quiz noch nicht gespielt